Chemistry
| Main Author: | |
|---|---|
| Format: | Book |
| Published: |
New York :
Mc Graw Hill ,
1991
|
| Edition: | 4th. ed |
| Subjects: |
MARC
| LEADER | 00000cam a2200000 7i4500 | ||
|---|---|---|---|
| 001 | 0000000138 | ||
| 002 | 000000193 | ||
| 005 | 20000330.0 | ||
| 020 | |a 0071007652 | ||
| 090 | 0 | 0 | |a 540 |b CHA |
| 100 | 0 | |a Chang, Raymond | |
| 245 | 1 | 0 | |a Chemistry |c Raymond Chang |
| 250 | |a 4th. ed | ||
| 260 | |a New York : |b Mc Graw Hill , |c 1991 | ||
| 300 | |a 115p | ||
| 650 | 0 | 0 | |a Chemistry |
| 999 | |a 027941 |b BUKU |c RUJUKAN |e PERPUSTAKAAN KOMUNITI PETALING JAYA | ||